000 00953nam a22002537a 4500
999 _c4883
_d4883
003 AR-CdUCM
008 190311b ||||| |||| 00| 0 spa d
040 _aMUNICIPALIDAD PROVINCIAL DEL CUSCO
_cBIBLIOTECA MUNICIPAL DEL CUSCO
041 _hru.
082 _a335.41 /
_bAR71
100 _aaArjiptsev, F.T.
_915016
245 _aLa materia como categoría filosófica /
260 _aMéxico, D.F :
_bGrijalbo,
_c1962.
300 _a293 paginas ;
_c22 cm.
500 _aDonación familia Nieto
505 _aContenido :La categoría en la ciencia indivisa del mundo antiguo --Las ideas sobre la materia en la filosofía medieval y moderna --La categoría de materia y el problema fundamental de la filosofía ...
650 _aMaterialismo dialéctico
_96846
650 _aMateria
_9883
650 _aIdealismo
_9695
650 _aCiencia
_92098
700 _aAdolfo Sánchez Vázquez (traductor)
_915017
942 _2ddc
_cLIBROS
945 _arjall